Las diversas raíces del compromiso estético (Record no. 891637)

000 -CABECERA
Campo de control de longitud fija 00495nab a22001457 4500
003 - IDENTIFICADOR DEL NÚMERO DE CONTROL
Campo de control ES-SlBCS
005 - FECHA Y HORA DE LA ÚLTIMA TRANSACCIÓN
Campo de control 20230830204450.0
008 - CÓDIGOS DE INFORMACIÓN DE LONGITUD FIJA
Campo de control de longitud fija 230830s2019 ag ||||| |||| 00| 0 spa d
040 ## - FUENTE DE LA CATALOGACIÓN
Centro catalogador del origen ES-SlBCS
Lengua de catalogación spa
041 ## - CÓDIGO DE LENGUA
Código de lengua del texto/banda sonora o título independiente spa
100 1# - PUNTO DE ACCESO PRINCIPAL-NOMBRE DE PERSONA
Nombre de persona Colapietro, Vincent
9 (RLIN) 131997
245 14 - MENCIÓN DE TÍTULO
Título Las diversas raíces del compromiso estético
Resto del título : reflexiones sobre la filosofía del arte de Dewey
Mención de responsabilidad, etc. Vincent Colapietro
773 0# - ENLACE AL DOCUMENTO FUENTE
Parte(s) relacionada(s) Vol. 75, fasc. 2, 2019, págs. 35-50
Título Stromata
Número de control del registro relacionado Rev447
Número Internacional Normalizado para Publicaciones Seriadas (ISSN) 0049-2353
942 ## - ENTRADA DE ELEMENTOS AGREGADOS (KOHA)
Fuente de clasificaión o esquema
Koha [por defecto] tipo de item Artículos de revista
Holdings
Suprimido Perdido Fuente de clasificación o esquema Estropeado No para préstamo Localización permanente Localización actual Fecha adquisición Préstamos totales Fecha última consulta Fecha del precio de reemplazo Tipo de item de Koha
          San Esteban San Esteban 30/08/2023   30/08/2023 30/08/2023 Artículos de revista

Bibliotecas Dominicos Provincia Hispania, 2016

Con tecnología Koha